<?xml version="1.0" encoding="UTF-8"?>
<marc:record xmlns:marc="http://www.loc.gov/MARC21/slim">
   <marc:leader>00000nam a2200000 a 4500</marc:leader>
   <marc:datafield ind1="1" ind2=" " tag="100">
      <marc:subfield code="a">Martinez, Tomás Eloy</marc:subfield>
      <marc:subfield code="4">aut</marc:subfield>
      <marc:subfield code="e">Verfasser/-in</marc:subfield>
   </marc:datafield>
   <marc:datafield ind1=" " ind2=" " tag="653">
      <marc:subfield code="a">Belletristische Darstellung</marc:subfield>
   </marc:datafield>
   <marc:datafield ind1=" " ind2=" " tag="653">
      <marc:subfield code="a">Argentinien</marc:subfield>
   </marc:datafield>
   <marc:datafield ind1=" " ind2=" " tag="653">
      <marc:subfield code="a">Perón, Eva</marc:subfield>
   </marc:datafield>
   <marc:datafield ind1="0" ind2="0" tag="245">
      <marc:subfield code="a">Santa Evita</marc:subfield>
   </marc:datafield>
   <marc:datafield ind1="0" ind2="0" tag="245">
      <marc:subfield code="b">Roman</marc:subfield>
   </marc:datafield>
   <marc:datafield ind1="0" ind2="0" tag="245">
      <marc:subfield code="c">Tomás Eloy Martinez</marc:subfield>
   </marc:datafield>
   <marc:datafield ind1=" " ind2="1" tag="264">
      <marc:subfield code="b">Suhrkamp</marc:subfield>
      <marc:subfield code="c">1997</marc:subfield>
   </marc:datafield>
   <marc:datafield ind1="1" ind2=" " tag="520">
      <marc:subfield code="a">Tot war die Populistin für die Massensehnsucht Evita noch gefährlicher als zu Lebzeiten, ungebrochen feierte und verehrte sie das argentinische Volk auch nach dem Sturz Peróns als Heilige. Ihr einbalsamierter Körper musste eine makabre Reise antreten, er wurde versteckt, gejagt, verfolgt. Der Roman tastet sich auf dem brüchigen Grat zwischen dem Mythischen und dem Wirklichen vor, er ist politisch distanzierter als die Biographie A. Posses (BA 2/97). Interessant ist das Psychogramm Oberst Koenigs vom argentinischen Informationsdienst, der beauftragt wurde, die Leiche verschwinden zu lassen und leidenschaftlich ihrem toten Körper verfällt. Vor dem Hintergrund der Kinoverfilmung des Musicals Evita ist der Roman schon jetzt ein Erfolg und wird nachdrücklich Bibliotheken jeder Grösse empfohlen.</marc:subfield>
   </marc:datafield>
   <marc:datafield ind1="3" ind2=" " tag="024">
      <marc:subfield code="a">3518408437</marc:subfield>
   </marc:datafield>
   <marc:datafield ind1=" " ind2=" " tag="041">
      <marc:subfield code="a">ger</marc:subfield>
   </marc:datafield>
   <marc:datafield ind1=" " ind2=" " tag="338">
      <marc:subfield code="a">Band</marc:subfield>
   </marc:datafield>
</marc:record>
